000 00922nas a2200289 4500
001 BR9902655
003 BR-BrBNA
005 20231205101427.0
007 ta
008 230509b bl.|||p| |||| 00| 00por d
040 _aBR-BrBNA
_bpor
_cBiblioteca Nacional de Agricultura
041 _a(Pt)
072 _aL52
100 1 _aVentura, R.R.
100 1 _aFatudo, A.V.
100 1 _aMarinho Junior, A.
100 1 _aOlivares, E.L.
100 1 _aReis, L.C.
245 1 _aInfluencia do antiandrogeno flutamida no crescimento da crista e do metatarso e no peso corporal de frangos de corte (Gallus domesticus)
650 _aFrango de Corte
650 _aTestosterona
650 _aCrescimento
650 _aPeso
773 0 _tRevista Brasileira de Medicina Veterinaria (Brazil)
_xISSN 0100-2430
_g(Jan-Feb 1999), v. 21(1) p. 32-37
_wBR9902655
909 _a202311
_bLúcia
_c55
_dLúcia Elande
942 _2AGRIS
_n0
_cANA
999 _c161775
_d161775